The Economics of Experiences, the Arts and Entertainment : (Record no. 615088)

MARC details
000 -LEADER
fixed length control field 00514nam a2200181 a 4500
008 - FIXED-LENGTH DATA ELEMENTS--GENERAL INFORMATION
fixed length control field 260221s2006##################000#0#eng##
020 ## - INTERNATIONAL STANDARD BOOK NUMBER
ISBN 9781845424046
082 04 - DEWEY DECIMAL CLASSIFICATION NUMBER
Classification number 338.477
Item number AND
100 1# - MAIN ENTRY--AUTHOR NAME
Personal name Andersson, Åke E.,
245 10 - TITLE STATEMENT
Title The Economics of Experiences, the Arts and Entertainment :
260 ## - PUBLICATION, DISTRIBUTION, ETC. (IMPRINT)
Name of publisher Edward Elgar Publishing,
Year of publication 2006.
650 #0 - SUBJECT ADDED ENTRY--TOPICAL TERM
Topical Term Amusements.
942 ## - ADDED ENTRY ELEMENTS (KOHA)
Koha item type English Books
Holdings
Withdrawn status Lost status Damaged status Not for loan Home library Current library Shelving location Date acquired Full call number Accession Number Price effective from Koha item type
        Anna Centenary Library Anna Centenary Library 4TH FLOOR, A WING 21.02.2026 338.477 AND 343086 21.02.2026 English Books

Find us on the map